000 00573nam a2200241 a 4500
999 _c1881
_d1881
001 1881
003 BD-JhCC
005 20171028094734.0
008 171025s1989 ii ||||| |||| 00| 0 eng d
020 _a8171673279
020 _a9788171673287
035 _a(BD-JhCC)1881
040 _aBD-JhCC
_dBD-JhCC
041 _aeng
082 _222
_a591
_bGAN 1989
100 _aGandhi, Maneka
245 _a1000 Animal Quiz /
_cManeka Gandhi
260 _aIndia :
_bRupa. co,
_c1989
300 _a201 p. :
_c18cm.
650 _aZoology
942 _2ddc
_cBK